[Event "Staatsliga B-Mitte"]
[Site "?"]
[Date "1998.12.13"]
[Round "5"]
[White "Haba,P"]
[Black "Hanel,R"]
[Result "1-0"]
[WhiteElo "2515"]
[BlackElo "2360"]
[PlyCount "64"]

1. d4 g6 2. c4 Bg7 3. e4 Nc6 4. d5 Nd4 5. Ne2 e5 6. Nxd4 exd4 7. Bd3 d6 8. O-O
Nf6 9. b4 a5 10. b5 O-O 11. Bb2 Re8 12. Nd2 Nd7 13. Qc2 Nc5 14. Nb3 Nxd3 15.
Qxd3 f5 16. Bxd4 fxe4 17. Qc3 Bxd4 18. Nxd4 Qg5 19. Rfe1 Bf5 20. Re3 b6 21.
Rae1 Rf8 22. Nxf5 Qxf5 23. R1e2 Rae8 24. Qe1 Re5 25. Rxe4 Rfe8 26. f3 Rxe4 27.
Rxe4 Rxe4 28. Qxe4 Qf6 29. Qe6+ Qxe6 30. dxe6 Kg7 31. Kf2 Kf6 32. Ke3 Kxe6 1-0

[Event "Staatsliga B-Mitte"]
[Site "?"]
[Date "1998.12.13"]
[Round "5"]
[White "Hager,F"]
[Black "Singer,C"]
[Result "0-1"]
[WhiteElo "2240"]
[BlackElo "2255"]
[PlyCount "42"]

1. d4 d5 2. Nf3 Bf5 3. c4 e6 4. Nc3 c6 5. Qb3 Qb6 6. Qxb6 axb6 7. Nh4 Bc2 8. e3
Be7 9. Nf3 Nd7 10. Bd2 h6 11. Rc1 Bh7 12. a3 Ngf6 13. Be2 O-O 14. O-O Ra7 15.
Rfd1 Rfa8 16. Na2 dxc4 17. Bxc4 b5 18. Bb3 Bxa3 19. bxa3 Rxa3 20. Rc3 Rxb3 21.
Rxb3 Bc2 0-1

[Event "Staatsliga B-Mitte"]
[Site "?"]
[Date "1998.12.13"]
[Round "5"]
[White "Brandstaetter,F"]
[Black "Fischer,J"]
[Result "1-0"]
[WhiteElo "2135"]
[BlackElo "2265"]
[PlyCount "89"]

1. e4 e6 2. d4 d5 3. Nc3 Bb4 4. e5 c5 5. a3 cxd4 6. axb4 dxc3 7. Qg4 Ne7 8.
Qxg7 Rg8 9. Qxh7 Qc7 10. f4 Nbc6 11. Nf3 Nxb4 12. b3 Qb6 13. Ng5 Rf8 14. Bd3
Nf5 15. Qh3 Bd7 16. Ba3 O-O-O 17. Bxf5 exf5 18. Qxc3+ Nc6 19. Bxf8 Rxf8 20.
O-O-O d4 21. Qc4 Kb8 22. Qd5 Rc8 23. Kb1 Be6 24. Nxe6 fxe6 25. Qd6+ Ka8 26.
Qxe6 Rd8 27. Qc4 Nb4 28. Kb2 d3 29. Rd2 Kb8 30. c3 Nc2 31. Rxd3 Rc8 32. Qxc8+
Kxc8 33. Kxc2 Qa6 34. Rb1 Qh6 35. Re1 Qxf4 36. Re2 Qf1 37. Rdd2 Qa1 38. e6 Qa2+
39. Kd3 Qb1+ 40. Kc4 b5+ 41. Kc5 Qxb3 42. Kd6 Kd8 43. e7+ Ke8 44. Kc7 Qxc3+ 45.
Kb7 1-0

[Event "Staatsliga B-Mitte"]
[Site "?"]
[Date "1998.12.13"]
[Round "5"]
[White "Hinteregger,A"]
[Black "Hainzinger,J"]
[Result "1-0"]
[WhiteElo "2160"]
[BlackElo "2065"]
[PlyCount "59"]

1. d4 g6 2. c4 Bg7 3. Nc3 d6 4. Nf3 Nc6 5. e4 e5 6. dxe5 Nxe5 7. Nxe5 Bxe5 8.
Be3 Bg7 9. Qd2 Be6 10. Be2 a6 11. O-O Nf6 12. f3 O-O 13. Rfd1 Re8 14. Rac1 Nd7
15. Nd5 f5 16. Bg5 Nf6 17. exf5 Bxf5 18. Bf1 c6 19. Nc3 Qb6+ 20. Kh1 Rad8 21.
Na4 Qa7 22. g4 Bc8 23. c5 d5 24. Re1 Bd7 25. Nb6 Rf8 26. Re7 Rf7 27. Rce1 Rxe7
28. Rxe7 Be8 29. Rxg7+ Kxg7 30. Qd4 1-0

[Event "Staatsliga B-Mitte"]
[Site "?"]
[Date "1998.12.13"]
[Round "5"]
[White "Tummeltshammer,G"]
[Black "Gottsmann,H"]
[Result "1-0"]
[WhiteElo "2075"]
[BlackElo "2160"]
[PlyCount "80"]

1. g3 g6 2. Bg2 Bg7 3. e4 e5 4. Ne2 Nc6 5. Nbc3 d6 6. d3 Be6 7. O-O Qd7 8. Nd5
Nce7 9. Nec3 c6 10. Nxe7 Nxe7 11. f4 h5 12. fxe5 dxe5 13. Bg5 Ng8 14. Qd2 Bh6
15. Rf2 h4 16. gxh4 Bxg5 17. hxg5 Ne7 18. Qe3 Rh5 19. Ne2 b6 20. a4 c5 21. a5
Qb7 22. Ng3 Rh7 23. b4 Rc8 24. axb6 axb6 25. b5 Rd8 26. c4 Qd7 27. Bf1 Nc8 28.
Ra3 Qe7 29. Be2 Rh3 30. Bf1 Rh4 31. Be2 Rh3 32. Rf6 Rd7 33. Qf2 Ra7 34. Rxa7
Qxa7 35. Kg2 Rh7 36. Nf1 Qa2 37. Ne3 Ne7 38. Ng4 Bxg4 39. Bxg4 Qa7 40. Rd6 Qc7
1-0

[Event "Staatsliga B-Mitte"]
[Site "?"]
[Date "1998.12.13"]
[Round "5"]
[White "Juergens,K"]
[Black "Schueller,E"]
[Result "1/2-1/2"]
[WhiteElo "2210"]
[BlackElo "2255"]
[PlyCount "121"]

1. Nf3 d6 2. d4 Bg4 3. c4 c6 4. Nc3 Nf6 5. e4 Bxf3 6. gxf3 e5 7. Be3 Nbd7 8.
Be2 g6 9. Qd2 Bg7 10. d5 c5 11. a3 Nh5 12. Rg1 a6 13. O-O-O O-O 14. Kb1 Qa5 15.
Rg4 Rfb8 16. Bh6 b5 17. Bxg7 Kxg7 18. cxb5 axb5 19. Ka2 b4 20. Nb1 Ndf6 21.
Rgg1 Nf4 22. Bc4 Qa7 23. Rge1 bxa3 24. Nxa3 Rb4 25. Qc3 Nd7 26. Re3 Nb6 27. Bb3
Rd4 28. Kb1 Na4 29. Bxa4 Qxa4 30. Rd2 h5 31. Kc1 h4 32. Qb3 Qa6 33. Qb5 Rb4 34.
Qxa6 Rxa6 35. Rc3 Kf6 36. Kc2 Raa4 37. Rb3 Ke7 38. Rxb4 Rxb4 39. b3 f5 40. Nc4
Rb8 41. Kc3 Ra8 42. Rb2 Ra7 43. b4 cxb4+ 44. Rxb4 Ne2+ 45. Kd3 Nd4 46. f4 fxe4+
47. Kxe4 Nc2 48. Rb2 Na3 49. Nxa3 Ra4+ 50. Kf3 Rxa3+ 51. Kg4 Ra4 52. Kxh4 Kf6
53. Rb6 Kf5 54. Rxd6 g5+ 55. Kh3 exf4 56. f3 Ra3 57. Kg2 Ra2+ 58. Kg1 Ra1+ 59.
Kg2 Ra2+ 60. Kg1 Ra1+ 61. Kg2 1/2-1/2

[Event "Staatsliga B-Mitte"]
[Site "?"]
[Date "1998.12.13"]
[Round "5"]
[White "Denk,A"]
[Black "Vlasak"]
[Result "1-0"]
[WhiteElo "2265"]
[BlackElo "2210"]
[PlyCount "51"]

1. d4 d5 2. Nf3 e6 3. c4 c5 4. e3 Nc6 5. Nc3 Nf6 6. a3 a6 7. Be2 dxc4 8. Bxc4
b5 9. Ba2 Bb7 10. O-O Be7 11. Qe2 O-O 12. Rd1 cxd4 13. exd4 b4 14. d5 exd5 15.
Nxd5 Nxd5 16. Rxd5 Nd4 17. Rxd4 Bxf3 18. Qd3 Qb6 19. gxf3 Bc5 20. Rd7 Bxf2+ 21.
Kg2 Rad8 22. Bxf7+ Kh8 23. Bg5 Rxd7 24. Qxd7 bxa3 25. bxa3 Qb2 26. Ra2 1-0

[Event "Staatsliga B-Mitte"]
[Site "?"]
[Date "1998.12.13"]
[Round "5"]
[White "Wiesinger,K"]
[Black "Brestan,P"]
[Result "0-1"]
[WhiteElo "1861"]
[BlackElo "2021"]
[PlyCount "48"]

1. e4 e5 2. Nf3 Nc6 3. Bc4 Nf6 4. d3 d5 5. exd5 Nxd5 6. Bxd5 Qxd5 7. Nc3 Qd8 8.
h3 Bd6 9. O-O O-O 10. Ne4 Be7 11. Re1 f5 12. Nc3 Bf6 13. Bd2 a6 14. Nh2 Qd6 15.
Qc1 Bd7 16. f4 Nd4 17. fxe5 Bxe5 18. Nf1 Bc6 19. Be3 Qg6 20. Bg5 Bf6 21. h4 h6
22. Ne2 hxg5 23. hxg5 Bxg5 24. Qd1 Bd2 0-1

[Event "Staatsliga B-Mitte"]
[Site "?"]
[Date "1998.12.13"]
[Round "5"]
[White "Loeffler,C"]
[Black "Wiesenecker,F"]
[Result "1-0"]
[WhiteElo "2055"]
[BlackElo "1802"]
[PlyCount "51"]

1. f4 d5 2. Nf3 Nf6 3. b3 e6 4. Bb2 Nbd7 5. e3 a6 6. Be2 Be7 7. O-O O-O 8. Ne5
Nxe5 9. fxe5 Nd7 10. Bg4 f5 11. Bf3 c5 12. d4 b5 13. c4 bxc4 14. bxc4 Rb8 15.
Bc3 Nb6 16. Ba5 Bb7 17. Nc3 dxc4 18. Na4 Bxf3 19. Rxf3 cxd4 20. exd4 Rb7 21.
Rb1 Qd5 22. Bxb6 Rfb8 23. Nc3 Qd7 24. Na4 Bd8 25. Nc5 Rxb6 26. Rxb6 1-0

[Event "Staatsliga B-Mitte"]
[Site "?"]
[Date "1998.12.13"]
[Round "5"]
[White "Wegener,D"]
[Black "Medvegy,Z"]
[Result "0-1"]
[WhiteElo "2305"]
[BlackElo "2370"]
[PlyCount "88"]

1. e4 c5 2. Nf3 d6 3. d4 cxd4 4. Nxd4 Nf6 5. Nc3 g6 6. Be3 Bg7 7. f3 O-O 8. Qd2
Nc6 9. Bc4 Bd7 10. h4 Qa5 11. Nb3 Qc7 12. h5 Nb4 13. Bd3 Nxh5 14. g4 Nf6 15.
Bh6 Bh8 16. Bxf8 Kxf8 17. O-O-O a5 18. a3 Nxd3+ 19. Qxd3 Be6 20. Nd4 Bc4 21.
Qe3 a4 22. g5 Nh5 23. f4 Qa5 24. Nf3 Bxc3 25. bxc3 Qa7 26. Rd4 Qc5 27. e5 Qxa3+
28. Kd2 Qc5 29. exd6 exd6 30. Ne5 dxe5 31. fxe5 Re8 32. Rhh4 b5 33. e6 Bxe6 34.
Rhe4 a3 35. Rxe6 Rc8 36. Red6 a2 37. Ra6 Re8 38. Qg1 Qe5 39. Rxa2 b4 40. cxb4
Nf4 41. Qf2 Nh3 42. Ra5 Qxa5 43. bxa5 Nxf2 44. a6 Ne4+ 0-1

[Event "Staatsliga B-Mitte"]
[Site "?"]
[Date "1998.12.13"]
[Round "5"]
[White "Ager,J"]
[Black "Rolletschek,H"]
[Result "0-1"]
[WhiteElo "2330"]
[BlackElo "2300"]
[PlyCount "92"]

1. d4 f5 2. g3 Nf6 3. Bg2 g6 4. c3 Bg7 5. Qb3 c6 6. Nh3 d5 7. Nf4 e6 8. Nd3
Nbd7 9. Nd2 Ne4 10. f3 Nxd2 11. Bxd2 e5 12. dxe5 Nxe5 13. Nxe5 Bxe5 14. Bh6 Qf6
15. f4 Bc7 16. c4 dxc4 17. Qxc4 Ba5+ 18. Kf1 Be6 19. Qc2 Bb6 20. Rd1 Rd8 21.
Rxd8+ Qxd8 22. Bg7 Rg8 23. Bc3 Qd6 24. Be5 Qc5 25. Qxc5 Bxc5 26. a3 Kf7 27. Bf3
Rd8 28. Kg2 Be3 29. h3 Bb3 30. g4 Ke6 31. h4 Rd1 32. Rxd1 Bxd1 33. g5 Bb3 34.
h5 a5 35. h6 a4 36. Kg3 Bc4 37. Kg2 Bd5 38. Bxd5+ Kxd5 39. Kf3 Bc5 40. Bg7 b5
41. e3 Bd6 42. Bc3 c5 43. e4+ fxe4+ 44. Ke3 Be7 45. Bg7 b4 46. axb4 cxb4 0-1

[Event "Staatsliga B-Mitte,"]
[Site "?"]
[Date "1998.12.13"]
[Round "5"]
[White "Niedermayr,H"]
[Black "Hackbarth,W"]
[Result "1/2-1/2"]
[WhiteElo "2225"]
[BlackElo "2190"]
[PlyCount "66"]

1. e4 e5 2. Nc3 Bc5 3. Nf3 Nc6 4. Nxe5 Nxe5 5. d4 Bd6 6. dxe5 Bxe5 7. Qd3 Nf6
8. Bg5 h6 9. Bh4 c6 10. Bg3 Qe7 11. Bxe5 Qxe5 12. Be2 d5 13. exd5 Nxd5 14. Nxd5
Qxd5 15. Qxd5 cxd5 16. Bf3 Be6 17. Rd1 O-O-O 18. Rd4 Rd6 19. O-O Rhd8 20. Rfd1
Kc7 21. h3 b5 22. a4 bxa4 23. Rxa4 a6 24. c3 Rb8 25. Rd2 Rbd8 26. Be2 Bc8 27.
Rf4 Be6 28. Ra4 Bc8 29. Rdd4 Rb6 30. Bf3 Be6 31. Ra2 Rdd6 32. b4 Rbc6 33. Ra3
Rc4 1/2-1/2

[Event "Staatsliga B-Mitte"]
[Site "?"]
[Date "1998.12.13"]
[Round "5"]
[White "Maierhofer,J"]
[Black "Woeber,F"]
[Result "1/2-1/2"]
[WhiteElo "2160"]
[BlackElo "2205"]
[PlyCount "40"]

1. e4 d5 2. exd5 Nf6 3. d4 Bg4 4. Nf3 Qxd5 5. Be2 Nc6 6. c4 Qd7 7. d5 Bxf3 8.
Bxf3 Ne5 9. Be2 e6 10. dxe6 Qxe6 11. O-O Bd6 12. Nc3 O-O-O 13. Qa4 a6 14. Bf4
g5 15. Bxg5 Rhg8 16. Bxf6 Qxf6 17. Ne4 Qh4 18. f4 Ng4 19. Bxg4+ Qxg4 20. Nxd6+
Rxd6 1/2-1/2

[Event "Staatsliga B-Mitte"]
[Site "?"]
[Date "1998.12.13"]
[Round "5"]
[White "Winiwarter,F"]
[Black "Fruehauf,N"]
[Result "1-0"]
[WhiteElo "2200"]
[BlackElo "2150"]
[PlyCount "97"]

1. d4 Nf6 2. c4 g6 3. Nc3 Bg7 4. e4 d6 5. f3 O-O 6. Be3 e5 7. d5 Nh5 8. Qd2 f5
9. Bd3 a5 10. Nge2 Na6 11. O-O-O f4 12. Bf2 b6 13. Na4 Bd7 14. Nac3 Nc5 15. Kb1
Bf6 16. Bc2 Rf7 17. Nb5 Qc8 18. Nec3 Qb7 19. Rdf1 Raf8 20. Qe2 Qb8 21. Be1 Bg7
22. g4 fxg3 23. hxg3 Qd8 24. Qg2 Bf6 25. f4 exf4 26. gxf4 Rg7 27. Qh2 Be8 28.
e5 dxe5 29. fxe5 Bg5 30. Rxf8+ Kxf8 31. Rf1+ Kg8 32. e6 Qe7 33. Qe5 Bf6 34. Qe2
g5 35. Ne4 Nxe4 36. Bxe4 Nf4 37. Qc2 Qc5 38. Bf2 Qe7 39. Nd4 Bg6 40. Bxg6 hxg6
41. Nc6 Qe8 42. Qe4 Rh7 43. Bg3 Be7 44. Bxf4 gxf4 45. Nxe7+ Rxe7 46. Qxf4 Rh7
47. Qf6 Rg7 48. Rg1 Qf8 49. Rxg6 1-0

[Event "Staatsliga B-Mitte"]
[Site "?"]
[Date "1998.12.13"]
[Round "5"]
[White "Hackbarth,C"]
[Black "Holzweber,M"]
[Result "0-1"]
[WhiteElo "2005"]
[BlackElo "2119"]
[PlyCount "80"]

1. d4 d5 2. Nf3 Nf6 3. Bf4 Bf5 4. e3 c6 5. Bd3 Bxd3 6. Qxd3 Nbd7 7. h3 e6 8.
Nbd2 Be7 9. O-O O-O 10. c4 c5 11. Rac1 Qb6 12. Nb3 Rfd8 13. Rfd1 Rac8 14. Qe2
Qa6 15. Nxc5 Bxc5 16. dxc5 Rxc5 17. b3 Rdc8 18. Qd2 dxc4 19. bxc4 h6 20. Qb2 b6
21. Rd6 Rxc4 22. Rxc4 Qxc4 23. Kh2 Qc3 24. Qb5 Qc5 25. Qd3 e5 26. Rxd7 Nxd7 27.
Bxh6 Qc6 28. Ng5 Qxh6 29. Qxd7 Rf8 30. Qf5 Qg6 31. Qxe5 Rd8 32. g3 Qf6 33. Qxf6
gxf6 34. Ne4 Kg7 35. Kg2 Rd3 36. g4 Ra3 37. Nd6 Rxa2 38. h4 a5 39. h5 a4 40.
Kf3 a3 0-1

[Event "Staatsliga B-Mitte"]
[Site "?"]
[Date "1998.12.13"]
[Round "5"]
[White "Beim,V"]
[Black "Opl,K"]
[Result "1-0"]
[WhiteElo "2565"]
[BlackElo "2330"]
[PlyCount "71"]

1. c4 Nf6 2. Nc3 e5 3. Nf3 Nc6 4. a3 d5 5. cxd5 Nxd5 6. Qc2 Be7 7. e3 O-O 8.
Be2 Be6 9. O-O Kh8 10. b4 a6 11. Bb2 f5 12. d3 Qe8 13. Nxd5 Bxd5 14. Nxe5 Nxe5
15. Bxe5 Qg6 16. f3 Rac8 17. e4 Be6 18. d4 fxe4 19. Qxe4 c6 20. Qxg6 hxg6 21.
Bd3 Bf5 22. Rad1 Bxd3 23. Rxd3 Rfd8 24. f4 Rf8 25. Rg3 Kh7 26. f5 g5 27. h4 g4
28. Rxg4 Rf7 29. Kh2 Rd8 30. Kh3 Rd5 31. Re4 a5 32. g4 Bd8 33. bxa5 Rxa5 34.
Rf3 Rd7 35. g5 Ra4 36. g6+ 1-0

[Event "Staatsliga B-Mitte"]
[Site "?"]
[Date "1998.12.13"]
[Round "5"]
[White "Hellmayr,A"]
[Black "Eichler,C"]
[Result "1/2-1/2"]
[WhiteElo "2240"]
[BlackElo "2255"]
[PlyCount "40"]

1. d4 Nf6 2. Nf3 e6 3. Bg5 h6 4. Bxf6 Qxf6 5. Nbd2 d5 6. e4 dxe4 7. Nxe4 Qd8 8.
Bc4 Be7 9. Qe2 c6 10. O-O-O Nd7 11. h4 Qc7 12. Kb1 b6 13. Ng3 Nf6 14. Ne5 O-O
15. Nh5 c5 16. f4 b5 17. Bxb5 Nxh5 18. Qxh5 Rb8 19. Bc4 cxd4 20. Bb3 Qc5
1/2-1/2

[Event "Staatsliga B-Mitte"]
[Site "?"]
[Date "1998.12.13"]
[Round "5"]
[White "Hamberger,H"]
[Black "Doppelhammer,H"]
[Result "1/2-1/2"]
[WhiteElo "2170"]
[BlackElo "2130"]
[PlyCount "31"]

1. e4 d5 2. exd5 Qxd5 3. Nc3 Qa5 4. Nf3 Nf6 5. Be2 c6 6. O-O Bg4 7. Ne5 Bxe2 8.
Qxe2 e6 9. Re1 Qc7 10. d4 Bd6 11. Bg5 Nbd7 12. h3 O-O 13. Nxd7 Nxd7 14. Qg4
Rfe8 15. Re2 Qb6 16. b3 1/2-1/2

[Event "Staatsliga B-Mitte"]
[Site "?"]
[Date "1998.12.13"]
[Round "5"]
[White "Kreischer,G"]
[Black "Enigl,K"]
[Result "1/2-1/2"]
[WhiteElo "2155"]
[BlackElo "2205"]
[PlyCount "35"]

1. e4 c6 2. d4 d5 3. exd5 cxd5 4. Nf3 Nc6 5. c3 Bf5 6. Nbd2 e6 7. Be2 Bd6 8. h3
a6 9. O-O Nf6 10. Re1 Rc8 11. Nf1 O-O 12. Bg5 h6 13. Bh4 Be7 14. N3d2 Nxd4 15.
cxd4 Bc2 16. Qc1 Bg6 17. Qd1 Bc2 18. Qc1 1/2-1/2

[Event "Staatsliga B-Mitte"]
[Site "?"]
[Date "1998.12.13"]
[Round "5"]
[White "Wirius,S"]
[Black "Heimberger,R"]
[Result "1-0"]
[WhiteElo "2285"]
[BlackElo "2280"]
[PlyCount "101"]

1. c4 e6 2. Nf3 Nf6 3. g3 Be7 4. Bg2 O-O 5. O-O d5 6. b3 c5 7. Bb2 d4 8. e3 Nc6
9. exd4 cxd4 10. Re1 Bc5 11. d3 Qd6 12. a3 a5 13. Nbd2 e5 14. Ng5 Bf5 15. Nge4
Nxe4 16. Nxe4 Bxe4 17. Bxe4 Rab8 18. Bc1 Qc7 19. f4 exf4 20. Qh5 g6 21. Qxc5
fxg3 22. Bh6 gxh2+ 23. Kh1 Rfc8 24. Bxc6 Qxc6+ 25. Qxc6 bxc6 26. Rab1 Rb7 27.
Bd2 Rcb8 28. b4 f5 29. Re6 Rc8 30. Rbe1 axb4 31. axb4 Kf7 32. Rd6 Ra8 33. Rxc6
Ra2 34. Bg5 h6 35. Bxh6 Rxb4 36. Bg5 Rb7 37. Rf6+ Kg7 38. Rfe6 Ra3 39. c5 Rc3
40. c6 Rf7 41. Rd6 f4 42. Ree6 f3 43. Rxg6+ Kh7 44. Rgf6 Rxf6 45. Rxf6 Rxd3 46.
Kxh2 Rc3 47. Kg3 Kg7 48. Rd6 Kf7 49. Bf6 Rd3 50. Bxd4 Ke7 51. Bc5 1-0

[Event "Staatsliga B-Mitte"]
[Site "?"]
[Date "1998.12.13"]
[Round "5"]
[White "Trauner,R"]
[Black "Tkaczuk,R"]
[Result "1/2-1/2"]
[WhiteElo "2255"]
[BlackElo "2260"]
[PlyCount "45"]

1. c4 g6 2. Nc3 Bg7 3. g3 e5 4. Bg2 Ne7 5. e3 O-O 6. Nge2 d6 7. O-O Nd7 8. b3
f5 9. Bb2 Nf6 10. Rc1 Rb8 11. d3 Bd7 12. Nd5 Nfxd5 13. cxd5 c5 14. dxc6 Bxc6
15. Qd2 Qb6 16. Rc2 Rfc8 17. Rfc1 Bxg2 18. Kxg2 Rxc2 19. Rxc2 Rc8 20. Ba3 Bf8
21. e4 Rxc2 22. Qxc2 Qc6 23. Qxc6 1/2-1/2

[Event "Staatsliga B-Mitte"]
[Site "?"]
[Date "1998.12.13"]
[Round "5"]
[White "Punzenberger,F"]
[Black "Kilgus,G"]
[Result "1-0"]
[WhiteElo "2100"]
[BlackElo "2210"]
[PlyCount "117"]

1. f4 e5 2. d3 exf4 3. Bxf4 g5 4. Be5 Nf6 5. e4 Nc6 6. Bc3 d6 7. Nd2 b5 8. b3
h5 9. d4 b4 10. Bb2 Qe7 11. Bb5 Bd7 12. Qe2 a6 13. Bd3 h4 14. O-O-O Nh5 15. Bc4
Bg7 16. Qf2 Na5 17. Ngf3 Nxc4 18. Nxc4 O-O 19. Rhe1 a5 20. g3 h3 21. d5 Bxb2+
22. Nxb2 f6 23. Nd4 Ng7 24. Kb1 Qf7 25. Nc4 Qg6 26. Qf3 Qh5 27. Qxh5 Nxh5 28.
Ne3 Rfe8 29. Nef5 a4 30. Re2 Ng7 31. g4 Kf7 32. Rd3 Rh8 33. Ree3 Nxf5 34. exf5
axb3 35. cxb3 Ra5 36. Nc2 Rh4 37. Rd4 Rc5 38. Ree4 Rc3 39. Re3 Rxc2 40. Kxc2
Bxf5+ 41. Kb2 Rxg4 42. Rxg4 Bxg4 43. Re4 Bf3 44. Rxb4 g4 45. Rf4 Kg6 46. Kc3
Be2 47. Kd2 Kg5 48. Ke3 Ba6 49. a4 Bb7 50. Rd4 f5 51. b4 c5 52. dxc6 Bxc6 53.
b5 Ba8 54. a5 g3 55. hxg3 h2 56. Rd1 h1=Q 57. Rxh1 Bxh1 58. a6 Kg4 59. Kf2 1-0

[Event "Staatsliga B-Mitte"]
[Site "?"]
[Date "1998.12.13"]
[Round "5"]
[White "Wirius,J"]
[Black "Dornauer,J"]
[Result "0-1"]
[WhiteElo "2235"]
[BlackElo "2160"]
[PlyCount "120"]

1. e4 c5 2. Nf3 d6 3. c3 Nf6 4. e5 dxe5 5. Nxe5 e6 6. Bb5+ Nbd7 7. Qf3 Bd6 8.
d4 O-O 9. Bf4 Qc7 10. Nxd7 Bxd7 11. Bxd6 Qxd6 12. Bxd7 Nxd7 13. dxc5 Nxc5 14.
O-O Nd3 15. Rd1 Rfd8 16. Na3 Qa6 17. Qe2 Rd6 18. c4 Rad8 19. Nb5 R6d7 20. b3
Qb6 21. Nc3 Qd4 22. Qc2 e5 23. Nd5 e4 24. Rab1 b5 25. Ne3 Rc8 26. Qe2 a6 27.
Qg4 g6 28. Qg3 Kh8 29. Qh4 f5 30. Nd5 Rf8 31. Rf1 f4 32. Rbd1 bxc4 33. bxc4
Rdf7 34. Nb4 Qxc4 35. Nxd3 exd3 36. Rd2 Rd7 37. Rfd1 Qc3 38. Qh3 Rfd8 39. Qf3
Qc4 40. Re1 Rd4 41. h4 Qd5 42. Qxd5 R8xd5 43. Re7 Rc5 44. Rb2 Rb5 45. Rxb5 axb5
46. Re1 Kg7 47. Kf1 Kf6 48. Rd1 Ke5 49. Ke1 Re4+ 50. Kd2 Kd4 51. Rb1 Re2+ 52.
Kd1 Rxf2 53. Rxb5 Rxa2 54. h5 Rxg2 55. Rb7 gxh5 56. Rxh7 f3 57. Rxh5 f2 58. Rf5
Rg1+ 59. Kd2 Rg2 60. Rf4+ Ke5 0-1

[Event "Staatsliga B-Mitte"]
[Site "?"]
[Date "1998.12.13"]
[Round "5"]
[White "Rotstein,E"]
[Black "Weiss,C"]
[Result "1-0"]
[WhiteElo "2355"]
[BlackElo "2370"]
[PlyCount "107"]

1. d4 g6 2. e4 c6 3. c4 d5 4. Nc3 dxe4 5. Nxe4 Bg7 6. Nf3 Bg4 7. Be3 Nh6 8. Ng3
Nf5 9. Nxf5 gxf5 10. Be2 Bxf3 11. Bxf3 f4 12. Bxf4 Qxd4 13. Qxd4 Bxd4 14. O-O-O
Bxf2 15. Rhf1 Bh4 16. Bh5 Bf6 17. Bh6 Rg8 18. g4 Nd7 19. g5 Rxg5 20. Bxf7+ Kxf7
21. Bxg5 Ke6 22. Bxf6 Nxf6 23. Rfe1+ Kf7 24. Rd3 Rc8 25. Kc2 b6 26. Re5 Rg8 27.
Rde3 Re8 28. Re6 Ng4 29. R3e4 Nf6 30. Re2 c5 31. Rc6 e6 32. Rc7+ Re7 33. Rxe7+
Kxe7 34. Rg2 Kf7 35. Kd3 h6 36. Ke3 e5 37. b3 a5 38. h3 h5 39. Rg5 Ke6 40. Rg7
Nd7 41. Kf3 Nf6 42. Rb7 Nd7 43. Kg3 a4 44. bxa4 Kd6 45. Kf3 Kc6 46. Ra7 Nf6 47.
Rf7 Ne8 48. Re7 Nd6 49. Rxe5 Nxc4 50. Rxh5 Nb2 51. Rh6+ Kc7 52. h4 Nxa4 53. h5
Kd7 54. Rg6 1-0

[Event "Staatsliga B-Mitte"]
[Site "?"]
[Date "1998.12.13"]
[Round "5"]
[White "Neckar,L"]
[Black "Heidenfeld,M"]
[Result "1/2-1/2"]
[WhiteElo "2345"]
[BlackElo "2335"]
[PlyCount "44"]

1. Nf3 d6 2. g3 e5 3. Bg2 g6 4. d4 exd4 5. Nxd4 Bg7 6. O-O Ne7 7. c4 O-O 8. Nc3
Nbc6 9. Nxc6 bxc6 10. Qc2 Bf5 11. e4 Bd7 12. Be3 f5 13. c5 fxe4 14. cxd6 cxd6
15. Nxe4 d5 16. Nc5 Nf5 17. Bf4 Nd4 18. Qd2 Bh3 19. Rae1 Qf6 20. f3 Bxg2 21.
Kxg2 Rfe8 22. h4 Qf8 1/2-1/2

[Event "Staatsliga B-Mitte"]
[Site "?"]
[Date "1998.12.13"]
[Round "5"]
[White "Knoll,H"]
[Black "Kreindl,H"]
[Result "1-0"]
[WhiteElo "2325"]
[BlackElo "2270"]
[PlyCount "61"]

1. Nf3 Nf6 2. c4 e6 3. d4 d5 4. Nc3 Be7 5. Bg5 O-O 6. e3 h6 7. Bh4 b6 8. Be2
Bb7 9. Bxf6 Bxf6 10. cxd5 exd5 11. b4 c6 12. O-O Qd6 13. Qb3 Re8 14. Rfc1 Nd7
15. a3 Bd8 16. Ra2 Bc7 17. Rac2 Rac8 18. Bd3 Nf8 19. Ne2 Ne6 20. Ng3 g6 21. Ne5
Bb8 22. f4 Ng7 23. e4 Ne6 24. Ne2 g5 25. Ng4 Nxf4 26. e5 Qe7 27. Nxf4 gxf4 28.
Bf5 Qg5 29. Nf6+ Kg7 30. Nxe8+ Rxe8 31. Bd7 1-0

[Event "Staatsliga B-Mitte"]
[Site "?"]
[Date "1998.12.13"]
[Round "5"]
[White "Froeschl,F"]
[Black "Hager,H"]
[Result "1-0"]
[WhiteElo "2240"]
[BlackElo "2205"]
[PlyCount "82"]

1. d4 d5 2. Nf3 Nf6 3. c4 e6 4. Nc3 Be7 5. Bg5 O-O 6. e3 c6 7. Qc2 Nbd7 8. cxd5
Nxd5 9. Bxe7 Qxe7 10. a3 e5 11. Bd3 g6 12. O-O exd4 13. Nxd5 cxd5 14. exd4 Nb6
15. Rfe1 Be6 16. Qd2 Qf6 17. Qh6 Qg7 18. Qf4 Rfe8 19. Bb5 Red8 20. Re2 h6 21.
h4 Nc4 22. b3 Nd6 23. Bd3 Rac8 24. Rae1 Rc3 25. Bc2 Ne4 26. Bxe4 dxe4 27. Rxe4
Rxb3 28. R4e3 Rb5 29. Re5 Rb6 30. Qe4 Kh7 31. d5 Bf5 32. Qf4 Rbd6 33. g4 Bc2
34. Qc4 Rf6 35. Kg2 Bd1 36. Nh2 a6 37. Rxd1 Rxf2+ 38. Kxf2 Qxe5 39. Nf3 Qb2+
40. Rd2 Qxa3 41. d6 Rxd6 1-0